00589nam a2200145 a 450000100100000000500170001000800410002704000250006824500550009326000530014830000440020150001380024570000210038371000390040400002781420200930031122.0110405s2003 dr acd 000 0 spa d aDO-SdBNPbspacBNPHU00aMemoria anual 2003 /ccoordinador Eleuterio Reyes. aSanto Domingo :bEditora Amigo del Hogar,c2003. a57 p. :bil., gráf., retrs. ;c30 cm. a40 años, construyendo el desarrollo del país, instituciones que fueron gestadas y apoyadas por la Asociación para el Desarrollo1 aReyes, Eleuterio1 aAciación para el Desarrollo 1961